| 000 | 01074nam a22002655i 4500 | ||
|---|---|---|---|
| 001 | 163119 | ||
| 003 | ES-MaACL | ||
| 005 | 20251209194435.0 | ||
| 008 | 000210m18551878fr |||| | fre d | ||
| 040 |
_aCCPB | B _bspa _cCCPB | B |
||
| 080 | _a821.133.1-1"14/15"(082.2) | ||
| 245 | 0 | 0 |
_aRecueil de poésies françoises des XVe et XVIe siècles _b: morales facétieuses, historiques / _créunies et annotées par M. Anatole de Montaiglon et James de Rothschild. |
| 260 |
_aParis : _bP. Jannet, _c1855-1878 ( _fImpr. Guiraudet et Jouaust) |
||
| 300 |
_a13 v. ; _c17 cm. |
||
| 490 | 1 | _aBibliothèque Elzevirienne | |
| 650 | 7 |
_aPoesía francesa- _yHasta S.XV _9154449 |
|
| 650 | 7 |
_aPoesía francesa- _yS.XVI _9154450 |
|
| 655 | 7 |
_2tgfbne _aPoesías _9176539 |
|
| 700 | 1 |
_aMontaiglon, Anatole de, _d1824-1895 _9130075 |
|
| 700 | 1 |
_aRothschild, James de, _d1844-1881 _9154446 |
|
| 830 | 0 |
_aBibliothèque Elzevirienne _9180979 |
|
| 852 |
_aES-MaACL _jG-2380-92 _z-- Enc. tela _x-- Edic.: Son 13 v., fechados 1855-1878 |
||
| 942 | _2udc | ||
| 999 |
_c163119 _d163119 |
||